header

An Essay concerning human understanding (Record no. 229666)

MARC details
000 -LEADER
fixed length control field 01065nam a2200265Ia 4500
100 1# - MAIN ENTRY--AUTHOR NAME
Personal name Locke, John,
245 13 - TITLE STATEMENT
Title An Essay concerning human understanding
260 ## - PUBLICATION, DISTRIBUTION, ETC. (IMPRINT)
Place of publication Kitchener, Ont. :
Name of publisher Batoche,
Year of publication 2001.
300 ## - PHYSICAL DESCRIPTION
Number of Pages 604 p.
500 ## - GENERAL NOTE
General note Reprint. Originally published : London : Printed for Thomas Basset, 1690.
650 #0 - SUBJECT ADDED ENTRY--TOPICAL TERM
Topical Term Philosophy, English
Topical Term Knowledge, Theory of.
856 40 - ELECTRONIC LOCATION AND ACCESS
Uniform Resource Identifier http://site.ebrary.com/lib/rucke/Doc?id=2001993

No items available.

© 2026 Rongo University
Contact us: librarian | system librarian | Rongo university